[Event "NED-ch U15 Girls"]
[Site "Venlo"]
[Date "2008.05.02"]
[Round "8"]
[White "Slotboom, Annemarie"]
[Black "Vlaar, Tiffany"]
[Result "0-1"]
[WhiteElo "1252"]
[BlackElo "1507"]
[PlyCount "130"]
[EventDate "2008.04.28"]
[EventType "swiss"]
[EventRounds "9"]
[EventCountry "NED"]
[SourceTitle "CBM 123 Extra"]
[Source "ChessBase"]
[SourceDate "2008.05.06"]
[SourceVersion "1"]
[SourceVersionDate "2008.05.06"]
[SourceQuality "1"]

1. e4 e5 2. Nf3 Nc6 3. Nc3 Nf6 4. Bc4 Bc5 5. d3 h6 6. Be3 Bxe3 7. fxe3 d6 8. 0-0 0-0 9. d4 a6 10. a3 Bg4 11. h3 Bh5 12. Qd3 Bg6 13. d5 Ne7 14. Nh4 Bh7 15. Nf5 Bxf5 16. exf5 Nh5 17. e4 Kh7 18. Qf3 g6 19. fxg6+ fxg6 20. Qe3 Rxf1+ 21. Rxf1 Qg8 22. Be2 Nf4 23. Rf3 b5 24. b4 c6 25. Qb6 Qb8 26. Qxb8 Rxb8 27. dxc6 Nxc6 28. Bd3 Rc8 29. Nd5 Nd4 30. Rf2 Kg7 31. Ne7 Rc3 32. Nd5 Nxd5 33. exd5 Rxa3 34. g4 g5 35. Kg2 a5 36. bxa5 Rxa5 37. c3 Nb3 38. Rb2 Nc5 39. Bxb5 Ne4 40. c4 Nc5 41. Kf3 Ra3+ 42. Kg2 e4 43. Re2 Ra7 44. Kf2 Rf7+ 45. Kg2 Rf4 46. Kg3 Kf6 47. h4 Ke5 48. hxg5 hxg5 49. Be8 Kd4 50. Bb5 Kd3 51. Ra2 e3 52. Ra3+ Kd2 53. Ra2+ Kd3 54. Ra3+ Kd4 55. Ra2 Ne4+ 56. Kh3 Rf3+ 57. Kg2 Rf2+ 58. Rxf2 Nxf2 59. Kf3 Nxg4 60. c5 Ne5+ 61. Ke2 Kxc5 62. Bc6 Nxc6 63. dxc6 Kxc6 64. Kxe3 Kc5 65. Kf3 Kc4 0-1

[Event "NED-ch U15 Girls"]
[Site "Venlo"]
[Date "2008.04.29"]
[Round "2"]
[White "Nicolai, Celine"]
[Black "Slotboom, Annemarie"]
[Result "1-0"]
[WhiteElo "1503"]
[BlackElo "1252"]
[PlyCount "95"]
[EventDate "2008.04.28"]
[EventType "swiss"]
[EventRounds "9"]
[EventCountry "NED"]
[SourceTitle "CBM 123 Extra"]
[Source "ChessBase"]
[SourceDate "2008.05.06"]
[SourceVersion "1"]
[SourceVersionDate "2008.05.06"]
[SourceQuality "1"]

1. e4 e5 2. Nf3 d6 3. Bc4 Nc6 4. d3 Be7 5. Nc3 Nf6 6. 0-0 0-0 7. h3 h6 8. Nh4 Be6 9. Bxe6 fxe6 10. Ng6 Rf7 11. Be3 d5 12. exd5 exd5 13. d4 exd4 14. Bxd4 Nxd4 15. Qxd4 c5 16. Qd3 d4 17. Ne4 Nxe4 18. Qxe4 Qc7 19. Ne5 Rff8 20. Qd5+ Kh8 21. Ng6+ Kh7 22. Nxf8+ Rxf8 23. Rae1 Kh8 24. Re4 b6 25. Rfe1 Bg5 26. Re8 Qf4 27. Rxf8+ Qxf8 28. Qd7 Qf4 29. Qe8+ Kh7 30. Qe4+ Qxe4 31. Rxe4 Kg6 32. Rg4 Kf5 33. Kf1 a5 34. Ke2 b5 35. b3 h5 36. Rg3 Bf6 37. Kd3 g5 38. a4 bxa4 39. bxa4 Ke5 40. Kc4 Kd6 41. Rf3 Bd8 42. Kb5 Be7 43. Kxa5 Kd5 44. Kb5 Bd8 45. Rf5+ Ke4 46. Rxc5 g4 47. Rxh5 Kf4 48. a5 1-0